Tropical fishes of the great barrier reef

Kaydedildi:
Detaylı Bibliyografya
Yazar: Marshall, Tom C. (autor)
Materyal Türü: Kitap
Dil:İngilizce
Baskı/Yayın Bilgisi: Sydney Angus and Robertson 1966
Konular:
Etiketler: Etiketle
Etiket eklenmemiş, İlk siz ekleyin!

MARC

LEADER 00000nam a2200000 a 4500
001 UCV5448
003 CL-VaPUC
008 930705e19660000AT |||||||||||||||||eng|d
082 0 4 |a 597.0994  |b MAR  |2 21 
100 |a Marshall, Tom C.  |e autor  |9 299773 
245 1 0 |a Tropical fishes of the great barrier reef 
300 |a 239 p 
942 |c BK 
945 |d 19930705 00:00:00 
260 |a Sydney  |b Angus and Robertson  |c 1966 
650 7 |a PECES TROPICALES  |2 CL-VaPUC  |9 262248 
650 0 |a Arrecifes  |9 262075 
651 0 |a Australia  |9 262077 
583 |a last modification  |c 19930705 00:00:00  |k Rodrigo Vera 
999 |c 211976  |d 211974 
952 |0 0  |1 0  |2 ddc  |4 0  |6 597_099400000000000_MAR_1966  |7 0  |8 P  |9 192245  |a BIBCUR  |b BIBCUR  |c PAC  |d 2019-11-14  |i 2596032  |o 597.0994 MAR 1966  |p 2596032  |r 2025-04-22  |w 2019-11-14  |y BK  |k CIM